Quick Pick: Friends By Other Roles Quiz Stats

 Plays Quiz not verified by Sporcle

Score 0/6 Timer 01:00
0 Plays Today
% Correct
David Schwimmer
86.3%
Jennifer Aniston
83.3%
Lisa Kudrow
81.9%
Courteney Cox
80.2%
Matthew Perry
79.9%
Matt LeBlanc
68.4%

You're not logged in!

Compare scores with friends on all Sporcle quizzes.
OR
Log In

Show Comments

Extras

Top Quizzes Today


Score Distribution

Your Account Isn't Verified!

In order to create a playlist on Sporcle, you need to verify the email address you used during registration. Go to your Sporcle Settings to finish the process.

Report this User

Report this user for behavior that violates our Community Guidelines.

Details: